000 00435nam a2200169 a 4500
001 0000-8791
003 ELIB.Books
008 110520 1973
035 _a(ELIB.Books)0000-8937
082 _a232.6
_bLin
100 _aLindsey, Hal
245 _aThere's a new world Coming
260 _bCalifornia: Vision House Publications
_c1973
650 _aJesus Christ
942 _2ddc
_cBK
998 _cbat
_e2011-05-20
999 _c8791
_d8791